| 000 | 01069nam a22003377a 4500 | ||
|---|---|---|---|
| 003 | CHAP | ||
| 005 | 20220329133524.0 | ||
| 008 | 971013s1990 r 00010 d | ||
| 010 | _a7372 | ||
| 011 | _a8344 | ||
| 035 | _a7570 | ||
| 040 | _cCHAP | ||
| 082 |
_a633.2 _bH63 |
||
| 100 | 0 | 0 |
_aHodgson, John G. _955753 |
| 245 | _aGrazing management science into practice | ||
| 260 |
_aNew York : _bLongman Scientific & Technical, _c1990 |
||
| 300 |
_a203 p. _b: ilus. ; gráfs. |
||
| 490 | _aHandbooks in agriculture | ||
| 500 | _a63-89 | ||
| 590 |
_aBATCH-UPD _b10 _c20130109 _lUCH01 _h2343 |
||
| 590 |
_aBATCH-UPD _b10 _c20130110 _lUCH01 _h1856 |
||
| 590 |
_aBATCH-UPD _b10 _c20130409 _lUCH01 _h1913 |
||
| 590 |
_aBATCH-UPD _b10 _c20130914 _lUCH01 _h1601 |
||
| 590 |
_aCONVERSION _b10 _c20130109 _lUCH01 _h1305 |
||
| 650 | 1 | 4 |
_aPastizales _xEcología. _985933 |
| 650 | 1 | 4 |
_aPastizales _xManejo. _985944 |
| 830 | 0 |
_aHandbooks in agriculture _952510 |
|
| 901 | _aBK | ||
| 942 | _cLIBRO | ||
| 949 |
_a633.2 H63 _bBC _cLIBRO _d33724000213575 _eLIBRO _gI.165533 _h83789 _i7570 _si _t150.00 |
||
| 999 |
_c7372 _d7372 |
||